Indian financial system : (Record no. 5554)

MARC details
000 -LEADER
fixed length control field 00534cam a2200193ua 4500
008 - FIXED-LENGTH DATA ELEMENTS--GENERAL INFORMATION
fixed length control field 140705n ii |||gr||||Z||||||eng
020 ## - INTERNATIONAL STANDARD BOOK NUMBER
International Standard Book Number 978-81-7758-562-9
040 ## - CATALOGING SOURCE
Transcribing agency MAIN
082 ## - DEWEY DECIMAL CLASSIFICATION NUMBER
Classification number 332.0954
245 ## - TITLE STATEMENT
Title Indian financial system :
Remainder of title Markets,Institutions and services /
Statement of responsibility, etc. By Bharti V. Pathak .
250 ## - EDITION STATEMENT
Edition statement 2nd ed.
260 ## - PUBLICATION, DISTRIBUTION, ETC.
Place of publication, distribution, etc. Delhi:
Name of publisher, distributor, etc. Pearson,
Date of publication, distribution, etc. 2008.
300 ## - PHYSICAL DESCRIPTION
Extent xiv,732p.
700 ## - ADDED ENTRY--PERSONAL NAME
Personal name Pathak,Bharti V.,
Relator term
942 ## - ADDED ENTRY ELEMENTS (KOHA)
Koha item type Books
653 ## - INDEX TERM--UNCONTROLLED
Uncontrolled term Financial economics
653 ## - INDEX TERM--UNCONTROLLED
Uncontrolled term Indian financial system
Holdings
Withdrawn status Lost status Damaged status Not for loan Home library Current library Shelving location Date acquired Total Checkouts Full call number Barcode Date last seen Copy number Price effective from Koha item type Date last checked out
        Central Library, Naharkatiya College Central Library, Naharkatiya College General Stacks 19/09/2020   332.0954 | PAT 18232 19/09/2020 2 19/09/2020 Books  
        Central Library, Naharkatiya College Central Library, Naharkatiya College General Stacks 19/09/2020 1 332.0954 | PAT 18233 06/02/2026 1 19/09/2020 Books 30/01/2026

Naharkatiya College © 2020. All rights reserved.

Powered By